[Event "Tournoi Skype 027A"]
[Site "Skype"]
[Date "????.??.??"]
[Round "7.19"]
[White "Le Brun, Yves"]
[Black "Casey, Eamonn"]
[Result "1/2-1/2"]
[WhiteElo "1611"]
[BlackElo "1671"]
[PlyCount "55"]

1. d4 Nf6 2. Bf4 e6 3. Nf3 d5 4. Nbd2 c5 5. c3 Nc6 6. e3 Be7 7. Ne5 cxd4 8.
exd4 O-O 9. Bg3 Qb6 10. Nxc6 bxc6 11. Qb3 Qxb3 12. axb3 Bd7 13. Ba6 c5 14. Bb7
Rae8 15. O-O cxd4 16. cxd4 Bb4 17. Rfd1 Bb5 18. Ba6 Bxa6 19. Rxa6 Rc8 20. Nf3
Nh5 21. Rxa7 Nxg3 22. hxg3 Rc2 23. Ne5 Rxb2 24. Rc1 Bd6 25. Nd7 Re8 26. Rc6 Bf8
27. Rcc7 Rxb3 28. Ne5 1/2-1/2

[Event "Tournoi Skype 027A"]
[Site "Skype"]
[Date "????.??.??"]
[Round "7.20"]
[White "Khetre, Gaurav"]
[Black "Mordaa, Ahmad"]
[Result "0-1"]
[WhiteElo "1642"]
[BlackElo "1571"]
[PlyCount "110"]

1. d4 Nf6 2. c4 g6 3. Nf3 Bg7 4. g3 O-O 5. Bg2 d6 6. O-O Nbd7 7. Nc3 Re8 8. e4
e5 9. d5 Nc5 10. Ne1 a5 11. Be3 b6 12. f3 Ba6 13. b3 Bb7 14. Qd2 Qe7 15. Bg5
Qf8 16. Nc2 h6 17. Be3 Nfd7 18. Nb5 Rec8 19. a3 Nxb3 20. Qe2 Nxa1 21. Rxa1 c6
22. dxc6 Bxc6 23. Rd1 Bxb5 24. cxb5 Ra7 25. Na1 Rac7 26. Nb3 Rc3 27. Nd2 Rc2
28. Qf1 R8c3 29. Bf2 Qc8 30. Bh3 Qc7 31. Bxd7 Qxd7 32. Bxb6 a4 33. Nb1 Rb3 34.
Ba5 Rbb2 35. Nd2 Rxb5 36. Bb4 h5 37. Qd3 Rc8 38. Bxd6 Rd8 39. Nc4 Bf8 40. Qd2
Bxd6 41. Qxd6 Qxd6 42. Rxd6 Rxd6 43. Nxd6 Rb3 44. Kf2 Kf8 45. Nc4 f6 46. h4 Ke7
47. Ke2 Rc3 48. Nb6 Rxa3 49. Nd5+ Ke6 50. Nc7+ Kd7 51. Nd5 Rb3 52. Nxf6+ Kc6
53. Ng8 a3 54. Ne7+ Kd6 55. Nxg6 a2 0-1

[Event "Tournoi Skype 027A"]
[Site "Skype"]
[Date "????.??.??"]
[Round "7.21"]
[White "Aclan, Levent"]
[Black "Mulrooney, Justin"]
[Result "1-0"]
[WhiteElo "1571"]
[BlackElo "1635"]
[PlyCount "55"]

1. e4 e5 2. Nf3 Nc6 3. d4 exd4 4. c3 Nf6 5. e5 Nd5 6. cxd4 Bb4+ 7. Bd2 O-O 8.
Bd3 d6 9. O-O Bxd2 10. Nbxd2 h6 11. Ne4 Bg4 12. Nc3 dxe5 13. Nxd5 Qxd5 14. dxe5
Bxf3 15. gxf3 Rad8 16. Be4 Qxe5 17. Qb3 Nd4 18. Qxb7 Qf4 19. Rfe1 f5 20. Bd5+
Kh8 21. Rac1 Rf6 22. Rxc7 Rg6+ 23. Kh1 Qg5 24. f4 Qxf4 25. Rc8 Qd6 26. Re8+
Rxe8 27. Rxe8+ Kh7 28. Rh8+ 1-0

[Event "Tournoi Skype 027A"]
[Site "Skype"]
[Date "????.??.??"]
[Round "7.23"]
[White "Yeter, Orhan"]
[Black "Vello, Pablo"]
[Result "1-0"]
[WhiteElo "1632"]
[BlackElo "1527"]
[PlyCount "59"]

1. e4 e6 2. d4 d5 3. exd5 exd5 4. Bd3 Bd6 5. Nf3 Ne7 6. O-O Bf5 7. Re1 Bxd3 8.
Qxd3 O-O 9. Ng5 Ng6 10. f4 h6 11. f5 Nf4 12. Bxf4 Bxf4 13. Nf3 Nd7 14. Nbd2 Re8
15. Rxe8+ Qxe8 16. Re1 Qf8 17. Ne5 Nxe5 18. dxe5 c6 19. Nf3 Qc5+ 20. Kh1 Re8
21. e6 fxe6 22. fxe6 Qa5 23. Qf5 Qc7 24. e7 Bd6 25. Qe6+ Kh8 26. Nh4 Bxh2 27.
Ng6+ Kh7 28. Nf8+ Kh8 29. Qg6 Rxe7 30. Qh7# 1-0

[Event "Tournoi Skype 027A"]
[Site "Skype"]
[Date "????.??.??"]
[Round "7.25"]
[White "Rodriguez Gonzalez, Jaime Rafael"]
[Black "Couto, Januario"]
[Result "0-1"]
[WhiteElo "1473"]
[BlackElo "1612"]
[PlyCount "126"]

1. e4 d5 2. exd5 Qxd5 3. Nc3 Qd6 4. h3 Nf6 5. Nf3 c6 6. Bc4 Bf5 7. O-O e6 8.
Re1 Nbd7 9. d4 Be7 10. a3 O-O 11. Nh4 Bg6 12. Nf3 Nb6 13. Bb3 Nbd5 14. Nxd5
Nxd5 15. c4 Nf6 16. c5 Qc7 17. Ng5 Nd5 18. Nf3 Rad8 19. Ne5 Nf6 20. Bf4 Qc8 21.
Nxg6 hxg6 22. Rc1 Nd5 23. Be5 Bf6 24. Bd6 Rfe8 25. Re4 Be7 26. Bxe7 Rxe7 27.
Qf3 Nf6 28. Re3 Rxd4 29. Rce1 Qd7 30. Re5 Rd3 31. R5e3 Rxe3 32. Qxe3 Nd5 33.
Qg3 Qc7 34. Qxc7 Nxc7 35. Rd1 Kf8 36. f3 Nd5 37. Kf2 Ke8 38. Bc4 Rd7 39. Rd4
Nb6 40. cxb6 Rxd4 41. bxa7 Rd8 42. b4 b5 43. Bb3 Ra8 44. a4 Rxa7 45. a5 Kd7 46.
Ke3 Kd6 47. Ke4 f6 48. f4 c5 49. bxc5+ Kxc5 50. Bxe6 Rxa5 51. Bf7 g5 52. fxg5
fxg5 53. Kf5 Ra6 54. Kxg5 b4 55. h4 Kd4 56. g4 Ke5 57. h5 Rb6 58. Bb3 Rh6 59.
Bc2 Rc6 60. Bf5 b3 61. Kh4 b2 62. h6 gxh6 63. Kh5 Kf4 0-1

[Event "Tournoi Skype 027A"]
[Site "Skype"]
[Date "????.??.??"]
[Round "7.26"]
[White "Marino, Giuseppe"]
[Black "Alvarez, Juan Evangelista"]
[Result "0-1"]
[WhiteElo "1465"]
[BlackElo "1540"]
[PlyCount "78"]

1. d4 Nf6 2. e3 d5 3. Nf3 Qd6 4. Bd3 Nc6 5. c3 e5 6. dxe5 Nxe5 7. Nxe5 Qxe5 8.
Nd2 Bd7 9. Nf3 Qh5 10. Be2 O-O-O 11. Nd4 Qg6 12. g3 c5 13. Nf3 Qf5 14. Nh4 Qe6
15. Nf3 Bd6 16. a4 Bc6 17. Bb5 Bc7 18. Bxc6 Qxc6 19. O-O Rd6 20. Ne5 Qe8 21.
Nf3 Ne4 22. Nd2 Qe6 23. Nxe4 dxe4 24. Qe2 Qh3 25. f3 Rg6 26. Qg2 Qxg2+ 27. Kxg2
h5 28. fxe4 h4 29. Bd2 hxg3 30. hxg3 Bxg3 31. Rh1 Be1+ 32. Kf3 Rxh1 33. Rxe1
Rh2 34. Bc1 Rgg2 35. e5 g5 36. e4 Kd7 37. c4 Ke6 38. a5 Kxe5 39. Ke3 Rg3# 0-1

[Event "Tournoi Skype 027A"]
[Site "Skype"]
[Date "????.??.??"]
[Round "7.27"]
[White "Trivedi, Viral"]
[Black "Sauvaget, Joel"]
[Result "1-0"]
[WhiteElo "1535"]
[BlackElo "1467"]
[PlyCount "33"]

1. d4 d5 2. Bf4 Nf6 3. e3 e6 4. Nd2 Be7 5. c3 c6 6. Bd3 Nbd7 7. Ngf3 Nh5 8. Bg3
Nxg3 9. hxg3 Nf6 10. Ne5 h6 11. Rc1 Nd7 12. Ndf3 Bd6 13. Bb1 Nf6 14. g4 Bd7 15.
g5 Ng8 16. g6 f6 17. Nf7 1-0

[Event "Tournoi Skype 027A"]
[Site "Skype"]
[Date "????.??.??"]
[Round "7.28"]
[White "Galani, Mahendra"]
[Black "Lucena Vaz, Jose"]
[Result "1-0"]
[WhiteElo "1458"]
[BlackElo "1527"]
[PlyCount "39"]

1. e4 c5 2. Nf3 e6 3. d4 cxd4 4. Nxd4 a6 5. Bf4 Bb4+ 6. c3 Ba5 7. Qa4 b5 8. Qa3
Qb6 9. b4 Bxb4 10. Qxb4 Bb7 11. Bd3 Nc6 12. Nxc6 Bxc6 13. Be3 Qb7 14. Nd2 d5
15. O-O Ne7 16. Bc5 a5 17. Qd4 O-O 18. e5 Rfd8 19. Qh4 Rd7 20. Qxh7+ 1-0

[Event "Tournoi Skype 027A"]
[Site "Skype"]
[Date "????.??.??"]
[Round "7.29"]
[White "Santos, Joselito"]
[Black "Aranzubia, Desiderio"]
[Result "1/2-1/2"]
[WhiteElo "1428"]
[BlackElo "1602"]
[PlyCount "39"]

1. d4 c6 2. c3 Nf6 3. Nf3 d5 4. h3 e6 5. Bg5 Be7 6. Nbd2 h6 7. Bf4 O-O 8. e3
Nbd7 9. Bd3 c5 10. O-O cxd4 11. cxd4 a6 12. Qc2 b5 13. Bc7 Qe8 14. Nb3 Bd8 15.
Ne5 Bxc7 16. Qxc7 Qd8 17. Qc6 Ra7 18. Rfc1 Nxe5 19. dxe5 Nd7 20. Qd6 1/2-1/2

[Event "Tournoi Skype 027A"]
[Site "Skype"]
[Date "????.??.??"]
[Round "7.30"]
[White "Navghane, Rahul"]
[Black "Carballo, Jorge"]
[Result "0-1"]
[WhiteElo "1527"]
[BlackElo "1594"]
[PlyCount "110"]

1. e4 e5 2. Nf3 Nc6 3. c3 Nf6 4. Qc2 Be7 5. d4 exd4 6. cxd4 d6 7. a3 Bg4 8. Be2
Bxf3 9. Bxf3 Nxd4 10. Qa4+ Nc6 11. O-O O-O 12. Nc3 Qd7 13. Be3 Ne5 14. Qxd7
Nxf3+ 15. gxf3 Nxd7 16. Nd5 Bd8 17. Bf4 Ne5 18. Kg2 c6 19. Ne3 Bb6 20. b4 Rad8
21. Rad1 Bc7 22. Bg3 a6 23. f4 Ng6 24. Nf5 d5 25. e5 Rfe8 26. h4 Ne7 27. Nd4 g6
28. Rh1 Bb6 29. h5 Bxd4 30. Rxd4 Nf5 31. Rdd1 b6 32. Kf3 c5 33. Kg4 d4 34. Kf3
c4 35. Bh4 Rd7 36. Ke4 d3 37. hxg6 fxg6 38. Kf3 d2 39. Ke2 c3 40. f3 Nxh4 41.
Rxh4 Red8 42. Rhh1 c2 43. e6 cxd1=Q+ 44. Kxd1 Re7 45. Rh2 Rxe6 46. Rxd2 Rxd2+
47. Kxd2 h5 48. a4 h4 49. b5 axb5 50. axb5 h3 51. Kd3 h2 52. f5 g5 53. Kd4 h1=Q
54. Kd5 Qe1 55. f4 Qe4# 0-1

[Event "Tournoi Skype 027A"]
[Site "Skype"]
[Date "????.??.??"]
[Round "7.31"]
[White "Kruzeniski, Randy"]
[Black "Aceituno, Stebe"]
[Result "1-0"]
[WhiteElo "1509"]
[BlackElo "1590"]
[PlyCount "81"]

1. d4 Nf6 2. Nf3 g6 3. c4 Bg7 4. e3 O-O 5. g3 d5 6. Nbd2 c6 7. Bg2 Bf5 8. Qb3
Qb6 9. Nh4 Qxb3 10. axb3 Be6 11. O-O Nbd7 12. c5 b6 13. b4 Rfb8 14. Ra6 bxc5
15. bxc5 Rc8 16. b4 Bg4 17. Nhf3 Ne4 18. h3 Nxd2 19. Bxd2 Bf5 20. Rfa1 Rc7 21.
Ne1 Nb8 22. R6a4 a6 23. g4 Be4 24. f3 Bxf3 25. Nxf3 e6 26. Bf1 Rca7 27. Bd3 Nd7
28. Rxa6 Rxa6 29. Rxa6 Rc8 30. Ra7 Nf6 31. Ng5 Rf8 32. Rc7 h6 33. Nf3 Ne4 34.
Bxe4 dxe4 35. Ne5 Bxe5 36. dxe5 Ra8 37. Rxc6 Ra1+ 38. Kg2 Ra2 39. Rd6 Rc2 40.
c6 Kf8 41. b5 1-0

[Event "Tournoi Skype 027A"]
[Site "Skype"]
[Date "????.??.??"]
[Round "7.32"]
[White "Gadow, Martin"]
[Black "Mantelli, Luca"]
[Result "1-0"]
[WhiteElo "1530"]
[BlackElo "1388"]
[PlyCount "59"]

1. d4 d5 2. Nf3 Nf6 3. Bf4 c5 4. e3 Nc6 5. c3 e6 6. Bd3 Bd6 7. Bg3 O-O 8. Ne5
Qc7 9. f4 Nd7 10. Nd2 f6 11. Nxd7 Bxd7 12. Nf3 Rfe8 13. O-O e5 14. fxe5 fxe5
15. Bxh7+ Kxh7 16. Ng5+ Kg6 17. dxe5 Nxe5 18. Qc2+ Kxg5 19. h4+ Kh6 20. Bf4+ g5
21. Bxg5+ Kg7 22. Bf6+ Kh6 23. Bg5+ Kg7 24. h5 Be7 25. Bxe7 Rxe7 26. Qf2 Rf7
27. Qg3+ Bg4 28. Rxf7+ Kxf7 29. Rf1+ Nf3+ 30. Rxf3+ 1-0

[Event "Tournoi Skype 027A"]
[Site "Skype"]
[Date "????.??.??"]
[Round "7.33"]
[White "Yardimci, Ertan"]
[Black "Ramirez Reina, Orlando"]
[Result "1/2-1/2"]
[WhiteElo "1591"]
[BlackElo "1497"]
[PlyCount "46"]

1. d4 f5 2. Bf4 Nf6 3. e3 c5 4. Nf3 d5 5. c4 cxd4 6. Nxd4 dxc4 7. Bxc4 e6 8.
Bxe6 Bxe6 9. Nxe6 Qxd1+ 10. Kxd1 Nc6 11. Nc7+ Kf7 12. Nxa8 Bb4 13. a3 Ba5 14.
b4 Bd8 15. Nd2 Nd5 16. Bg3 Bf6 17. Rc1 Rxa8 18. Nf3 Nc3+ 19. Kd2 Rd8+ 20. Ke1
Ne4 21. Ke2 Nc3+ 22. Ke1 Ne4 23. Ke2 Nc3+ 1/2-1/2

[Event "Tournoi Skype 027A"]
[Site "Skype"]
[Date "????.??.??"]
[Round "7.34"]
[White "Bankhede, Shivkumar"]
[Black "Salazar Ticeran, Antonio"]
[Result "1/2-1/2"]
[WhiteElo "1388"]
[BlackElo "1589"]
[PlyCount "58"]

1. d4 d5 2. c4 c6 3. e3 Bf5 4. Nc3 Nf6 5. Nf3 e6 6. h3 Bb4 7. Bd2 O-O 8. Nh4
Bg6 9. Nxg6 fxg6 10. Be2 Bxc3 11. Bxc3 Ne4 12. O-O Nd7 13. Bd3 Ndf6 14. Qf3
Nxc3 15. bxc3 Ne4 16. Qg4 Nxc3 17. Qxe6+ Rf7 18. a3 Qb6 19. a4 Raf8 20. cxd5
Nxd5 21. a5 Qc7 22. Be4 Nf6 23. a6 Nxe4 24. axb7 Nd6 25. Rxa7 Re8 26. Ra8 Rb8
27. Rb1 Nxb7 28. Rxb8+ Qxb8 29. Qxc6 Rc7 1/2-1/2

[Event "Tournoi Skype 027A"]
[Site "Skype"]
[Date "????.??.??"]
[Round "7.36"]
[White "Escudero Ocana, Francisco"]
[Black "Morelli, Daniel"]
[Result "0-1"]
[WhiteElo "1414"]
[BlackElo "1409"]
[PlyCount "58"]

1. e4 e5 2. Nf3 Nc6 3. c4 Nf6 4. Nc3 a6 5. d4 d6 6. d5 Ne7 7. Bg5 Ng6 8. Qd2
Be7 9. h3 O-O 10. Be2 Bd7 11. b4 b6 12. Nh2 c5 13. bxc5 bxc5 14. Rb1 Qa5 15.
O-O Nxe4 16. Qe3 Nxc3 17. Rb7 Nxe2+ 18. Qxe2 Bxg5 19. Rxd7 Rfd8 20. Qg4 Rxd7
21. Qxd7 Rd8 22. Qg4 Bf4 23. g3 Bd2 24. f4 exf4 25. Nf3 Be3+ 26. Kh1 Qxa2 27.
gxf4 Bxf4 28. Kg1 Qxc4 29. Ne1 Be3+ 0-1